00735nam a2200193 a 450000100060000000300090000600800410001502000150005604000280007108200140009924500710011326001170018430000210030149000160032250000950033850500390043365100320047270000370050424673CO-ViMGA141112s2004 ck r 000 u spa d a8437609143 aCO-ViMGAbspacCO-ViMGA04a980 L812h10aHistoria de Iberoamérica / cManuel Lucena Salmoral ... [et al.] aMadrid : bSociedad Estatal para la Ejecución de Programas del Quinto Centenario ; Ediciones Cátedra, c2002 av. : il. ; 24 cm aSerie mayor aConmemoración de los 500 años del descubrimiento de América. Biblioteca tiene : v. 2 aContenido : v.2 - Historia moderna aAmérica Latina - Historia1 aLucena Salmoral, Manuel, 1933 -